Perro muerto en tintorería: los fuertes / (Record no. 134475)

MARC details
000 -LEADER
campo de control de longitud fija 01449nam a2200349 i 4500
001 - NÚMERO DE CONTROL
campo de control 134475
003 - IDENTIFICADOR DE NÚMERO DE CONTROL
campo de control ES-MaACL
005 - FECHA Y HORA DE LA ÚLTIMA TRANSACCIÓN
campo de control 20260118063015.0
007 - CAMPO FIJO DE DESCRIPCIÓN FÍSICA--INFORMACIÓN GENERAL
campo de control de longitud fija ta
008 - DATOS DE LONGITUD FIJA--INFORMACIÓN GENERAL
campo de control de longitud fija 070911q1993 sp |001 d spa d
017 ## - NÚMERO DE COPYRIGHT O DE DEPÓSITO LEGAL
Número de copyright o de depósito legal M 21891-1993
Agencia que asigna Oficina Depósito Legal Madrid
022 ## - NÚMERO INTERNACIONAL NORMALIZADO PARA PUBLICACIONES SERIADAS
Número Internacional Normalizado para Publicaciones Seriadas 1132-2233
040 ## - FUENTE DE CATALOGACIÓN
Centro/agencia transcriptor ES-MaACL
080 ## - NÚMERO DE LA CLASIFICACIÓN DECIMAL UNIVERSAL
Número de la Clasificación Decimal Universal 821.134.2-2"19"
100 1# - ENTRADA PRINCIPAL--NOMBRE DE PERSONA
Nombre de persona Liddell, Angélica.
9 (RLIN) 72211
Término indicativo de función/relación Autor
245 10 - MENCIÓN DEL TÍTULO
Título Perro muerto en tintorería: los fuertes /
Mención de responsabilidad, etc. Angélica Liddell ; [introducción de Jesús Eguía Armenteros].
260 ## - PUBLICACIÓN, DISTRIBUCIÓN, ETC.
Lugar de publicación, distribución, etc. [Madrid] :
Nombre del editor, distribuidor, etc. Ateneo de Madrid, Cátedra Valle Inclán/Lauro Olmo,
Fecha de publicación, distribución, etc. [1993]
300 ## - DESCRIPCIÓN FÍSICA
Extensión 103 páginas ;
Dimensiones 21 cm.
490 1# - MENCIÓN DE SERIE
Mención de serie Revista Teatro. Colección Textos/Teatro ;
Designación de volumen o secuencia 9
500 ## - NOTA GENERAL
Nota general En verso de portada: "...publicado por la Cátedra Valle Inclán/Lauro Olmo del Ateneo de Madrid y el Aula de Estudios Escénicos y Medios Audiovisuales de la Universidad de Alcalá..."
500 ## - NOTA GENERAL
Nota general El título de la serie varía
504 ## - NOTA DE BIBLIOGRAFÍA, ETC.
Nota de bibliografía, etc. Bibliografía: página 12
655 #0 - TERMINO DE INDIZACIÓN--GENERO/FORMA
Datos o término principal de género/forma Teatro
9 (RLIN) 234794
700 1# - ENTRADA AGREGADA--NOMBRE PERSONAL
Nombre de persona Eguía Armenteros, Jesús.
9 (RLIN) 46744
Término indicativo de función/relación Autor de introducción
710 2# - ENTRADA AGREGADA--NOMBRE DE ENTIDAD CORPORATIVA
Nombre de entidad corporativa o nombre de jurisdicción como elemento de entrada Ateneo de Madrid.
Unidad subordinada Cátedra Valle-Inclán
Término indicativo de función/relación Editor
9 (RLIN) 137505
830 #0 - PUNTO DE ACCESO ADICIONAL DE SERIE-TÍTULO UNIFORME
Título uniforme Revista Teatro (Ateneo de Madrid) ;
Designación de volumen o secuencia 9
9 (RLIN) 242694
852 ## - LOCALIZACIÓN
Ubicación ES-MaACL
Sublocalización o colección R.154276
Número de control de estantería N-8265/Ej.1
Ubicación en estantería Depósito J
Nota libre X-44
-- Duplicado
itemnumber 199931
852 ## - LOCALIZACIÓN
Ubicación ES-MaACL
Número de control de estantería N-1749
Ubicación en estantería Hemeroteca
itemnumber 139348
942 ## - ELEMENTOS DE ENTRADA SECUNDARIOS (KOHA)
Tipo de ítem Koha Libro impreso
Suprimir en OPAC No
Holdings
Estatus retirado Estado de pérdida Fuente del sistema de clasificación o colocación Estado de daño Restricciones de uso No para préstamo Colección Biblioteca de origen Biblioteca actual Ubicación en estantería Fecha de adquisición Fuente de adquisición Total de préstamos Signatura topográfica completa Código de barras Visto por última vez Tipo de ítem Koha Fecha del último préstamo
    Clasificación decimal universal   Caja de reserva   Fondo Ateneo de Madrid Biblioteca del Ateneo de Madrid Biblioteca del Ateneo de Madrid Hemeroteca 17/01/2008 Donación   N-1749 1139972 23/02/2023 Libro impreso  
    Clasificación decimal universal   Duplicado   Fondo Ateneo de Madrid Biblioteca del Ateneo de Madrid Biblioteca del Ateneo de Madrid Depósito J 07/05/2023 Donación 1 N-8265/Ej.1 101206776 22/01/2026 Libro impreso 28/11/2025